000 00383nam a22001217a 4500
999 _c10326
_d10326
003 OSt
008 201203b ||||| |||| 00| 0 eng d
245 _aThe Indian Textile Journal
250 _a2012(Aug Vol.122 No.11, Sep Vol.122 No.12, Oct Vol.123 No.1, Nov Vol.123 No.2, Dec Vol.123 No.3)
260 _aChennai
_bIPF Publications
650 _aTextile Engineering
942 _2ddc
_cBV